000 00318nam a22001337a 4500
008 170615b xxu||||| |||| 00| 0 eng d
020 _a0029359104
041 _aeng
080 _23RD
_a32
100 _a19
101 _aSHP
245 _aAN INTRODUCTION TO MONETARY THEORY AND POLICY
_cWRIGHTSMAN,D
942 _2udc
_cBK
999 _c17574
_d17574